Etologie : Z něm.orig /
Na minha lista:
| Autor principal: | |
|---|---|
| Formato: | Livro |
| Idioma: | tcheco |
| Publicado em: |
Praha :
Karolinum,
1996
|
| Edição: | 2.přeprac.a rozšířené vyd. |
| Tags: |
Sem tags, seja o primeiro a adicionar uma tag!
|
MARC
| LEADER | 00000nam a22000003a 4500 | ||
|---|---|---|---|
| 001 | stu24380 | ||
| 005 | 20150617225743.2 | ||
| 008 | 970526s1996----xr------------------cze-d | ||
| 020 | |a 80-7066-878-4 | ||
| 040 | |a STU |b slo | ||
| 041 | 0 | |a cze | |
| 044 | |a xr | ||
| 080 | |a 591.5 | ||
| 100 | 1 | |a Franck, Dierk |4 aut | |
| 245 | 1 | |a Etologie : |b Z něm.orig / |c [aut.]Franck,Dierk | |
| 250 | |a 2.přeprac.a rozšířené vyd. | ||
| 260 | |a Praha : |b Karolinum, |c 1996 | ||
| 300 | |a 323 s : |b Obr.,tab.,grafy,lit.,index | ||
| 996 | |b C94770 |c C*94770 |l CCXX |s P |a 0 |w stu24380_0001 | ||